Can't take my eyes off you Lyrics - Statistics

General Stats
  • This quiz has been taken 238 times
  • The average score is 223 of 270
Answer Stats
Answer % Correct
I
100%
Can't
99%
Cant
99%
Eyes
99%
My
99%
Take
99%
You
99%
Of
98%
Off
96%
To
95%
Be
94%
Good
93%
True
93%
Love
92%
So
92%
And
91%
Just
91%
Much
90%
Too
90%
Hold
89%
If
89%
Like
89%
Touch
89%
Baby
88%
Heaven
88%
It's
88%
Want
88%
You're
88%
Me
87%
Need
86%
The
80%
the
80%
I'm
79%
Quite
79%
Alive
78%
Alright
78%
God
77%
In
76%
Let
76%
Oh
76%
Thank
75%
When
75%
Say
74%
Lonely
73%
Pretty
73%
That
72%
Trust
72%
No
69%
Don't
67%
Feel
67%
Has
66%
Down
64%
down
64%
Nights
64%
Long
62%
Arrived
61%
Warm
61%
Are
60%
Know
60%
You'd
60%
Way
58%
At
56%
There
55%
Real
54%
Last
53%
Now
52%
Pray
52%
Bring
51%
Compare
51%
Else
51%
Nothing
51%
Please
50%
Speak
49%
Stay
48%
Weak
48%
Words
47%
But
46%
Left
46%
Stare
46%
There's
46%
I've
45%
All
44%
Found
44%
Pardon
43%
Sight
43%
Right
41%
Leaves
38%
No matching quizzes found
Score Distribution
Percent of People with Each Score
Percentile by Number Answered
Your Score History
You have not taken this quiz